000 00326nam a2200133Ia 4500
005 20260328101528.0
008 260328s9999||||xx |||||||||||||| ||und||
100 _aStierlin, Henri
245 0 _aAncient Mexico /
_cHenri Stierlin
260 _bTaschen
300 _a192 p.
650 _aARQUITECTURA MESOAMÉRICANA
942 _cBK
999 _c9873
_d9873